International journal of health and pharmaceutical research (Record no. 38318)

MARC details
000 -LEADER
fixed length control field 00544nam a2200169Ia 4500
022 ## - INTERNATIONAL STANDARD SERIAL NUMBER
ISSN 20454673
050 ## - CALL MARK
Classification number RM 301.25 .I58/
245 #0 - TITLE STATEMENT
Title International journal of health and pharmaceutical research
260 ## - PUBLICATION, DISTRIBUTION, ETC. (IMPRINT)
Place of publication Hyderabad, India
260 ## - PUBLICATION, DISTRIBUTION, ETC. (IMPRINT)
Name of publisher IIARD publishing co.
260 ## - PUBLICATION, DISTRIBUTION, ETC. (IMPRINT)
Year of publication 2017
300 ## - PHYSICAL DESCRIPTION
Number of Pages 33 p. :ill. ; 28 cm
650 ## - SUBJECT ADDED ENTRY--TOPICAL TERM
Topical Term Pharmaceutical policy. Pharmaceutical industry. Drug development--Technological innovations--Economic aspects.
942 ## - ADDED ENTRY ELEMENTS (KOHA)
Koha item type Serials

No items available.